Die wertvollsten Spieler der 2. Bundesliga-Saison 2025/26 - Statistiken

Allgemein
  • Dieses Quiz wurde 37 mal gespielt
  • Das Durchschnittsergebnis liegt bei 7 aus 20
Antwortstatistiken
# Marktwert Verein Spieler % Korrekt
2. 6,0 Mio. € FC Schalke 04 Moussa Sylla
83%
5. 5,0 Mio. € Hertha BSC Fabian Reese
80%
7. 4,0 Mio. € SV Darmstadt 98 Isac Lidberg
63%
1. 7,0 Mio. € 1. FC Nürnberg Caspar Jander
53%
2. 6,0 Mio. € FC Schalke 04 Taylan Bulut
50%
15. 3,0 Mio. € Holstein Kiel Alexander Bernhardsson
47%
2. 6,0 Mio. € VfL Bochum Ibrahima Sissoko
40%
5. 5,0 Mio. € Holstein Kiel Shuto Machino
40%
7. 4,0 Mio. € Holstein Kiel Phil Harres
37%
13. 3,5 Mio. € Hertha BSC Michael Cuisance
33%
7. 4,0 Mio. € 1. FC Magdeburg Martijn Kaars
27%
13. 3,5 Mio. € Hertha BSC Maurice Krattenmacher
23%
7. 4,0 Mio. € Fortuna Düsseldorf Jamil Siebert
20%
7. 4,0 Mio. € SC Paderborn 07 Santiago Castaneda
17%
15. 3,0 Mio. € Holstein Kiel Armin Gigovic
10%
15. 3,0 Mio. € Hannover 96 Hendry Blank
10%
15. 3,0 Mio. € VfL Bochum Matus Bero
10%
15. 3,0 Mio. € Karlsruher SC Louey Ben Farhat
7%
7. 4,0 Mio. € SV Darmstadt 98 Clemens Riedel
3%
15. 3,0 Mio. € Holstein Kiel Robert Wagner
3%
Keine übereinstimmenden Quizze gefunden
Verteilung der Resultate
Anzahl Personen mit jedem Resultat
Perzentil nach korrekt beantworteten Fragen
Ihre Resultats-Entwicklung
Sie haben dieses Quiz noch nicht gespielt